000 00925nas a2200265 4500
001 BR9901950
003 BR-BrBNA
005 20231205101351.0
007 ta
008 230509b bl.|||p| |||| 00| 00por d
040 _aBR-BrBNA
_bpor
_cBiblioteca Nacional de Agricultura
041 _a(Pt)
072 _aP33; F08
100 1 _aCastro Filho, C.
100 1 _aMuzilli, O.
100 1 _aPodanoschi, A.L.
245 1 _aEstabilidade dos agregados e sua relacao com o teor de carbono organico num latossolo roxo distrofico, em funcao de sistemas de plantio, rotacoes de culturas e metodos de preparo das amostras
650 _aLatossolo Roxo
650 _aCarbono
650 _aPlantio
650 _aRotacao de Cultura
773 0 _tRevista Brasileira de Ciencia do Solo (Brazil)
_xISSN 0100-0683
_g(Jul-Sep 1998), v. 22(3) p. 527-538
_wBR9901950
909 _a202311
_bLúcia
_c55
_dLúcia Elande
942 _2AGRIS
_n0
_cANA
999 _c161401
_d161401